[Event "Canadian op"]
[Site "Quebec"]
[Date "2018.07.11"]
[Round "6"]
[White "Tomb, Maroun"]
[Black "Richardson, Kai"]
[Result "1-0"]
[WhiteElo "2152"]
[BlackElo "1973"]
[PlyCount "95"]
[EventDate "2018.07.07"]
[EventType "swiss"]
[EventRounds "9"]
[EventCountry "CAN"]
[SourceTitle "EXT 2019"]
[Source "ChessBase"]
[SourceDate "2018.10.10"]
[SourceVersion "1"]
[SourceVersionDate "2018.10.10"]
[SourceQuality "1"]

1. e4 e5 2. Nf3 Nc6 3. Bb5 Nf6 4. d4 exd4 5. 0-0 d6 6. Nxd4 Bd7 7. Nc3 Be7 8. Nf5 0-0 9. Nxe7+ Nxe7 10. Bd3 Ng6 11. f4 h6 12. Qf3 c5 13. b3 Bc6 14. Bb2 Re8 15. Rfe1 Rb8 16. a4 b6 17. Rad1 Rb7 18. Bb5 Bxb5 19. Nxb5 Rd7 20. Bxf6 Qxf6 21. e5 Qxf4 22. Qxf4 Nxf4 23. exd6 Rxe1+ 24. Rxe1 Ne6 25. Rd1 Nd4 26. Nxd4 Rxd6 27. c3 cxd4 28. cxd4 f5 29. Kf2 Kf7 30. Ke3 g5 31. d5 Kf6 32. Kd4 g4 33. g3 h5 34. Rc1 f4 35. gxf4 Kf5 36. Rc6 Rd8 37. Rh6 Kxf4 38. Rxh5 Re8 39. d6 Re1 40. Kd5 Rd1+ 41. Ke6 Re1+ 42. Kf7 Rd1 43. Ke7 Re1+ 44. Kd8 Re3 45. d7 Rd3 46. Rh7 Kf5 47. Ke8 Re3+ 48. Re7 1-0

[Event "Canadian op"]
[Site "Quebec"]
[Date "2018.07.09"]
[Round "4"]
[White "Kaufman, Raymond"]
[Black "Richardson, Kai"]
[Result "1-0"]
[WhiteElo "2201"]
[BlackElo "1973"]
[PlyCount "51"]
[EventDate "2018.07.07"]
[EventType "swiss"]
[EventRounds "9"]
[EventCountry "CAN"]
[SourceTitle "CBM 185 Extra"]
[Source "ChessBase"]
[SourceDate "2018.07.29"]
[SourceVersion "1"]
[SourceVersionDate "2018.07.29"]
[SourceQuality "1"]

1. d4 d5 2. c4 c6 3. Nf3 Nf6 4. e3 e6 5. Bd3 Nbd7 6. Nbd2 Be7 7. 0-0 0-0 8. b3 a6 9. Qe2 b5 10. e4 dxe4 11. Nxe4 Qc7 12. Bg5 Re8 13. Rac1 Qd8 14. Rfd1 Bb7 15. Ne5 Nxe4 16. Bxe7 Qxe7 17. Qxe4 Nf6 18. Qh4 g6 19. g3 Kg7 20. Be2 Rac8 21. Bf3 c5 22. Bxb7 Qxb7 23. cxb5 Qxb5 24. dxc5 Rxc5 25. Rxc5 Qxc5 26. Qxf6+ 1-0

[Event "Canadian op"]
[Site "Quebec"]
[Date "2018.07.08"]
[Round "2"]
[White "Richardson, Kai"]
[Black "Mulyar, Michael A"]
[Result "0-1"]
[WhiteElo "1973"]
[BlackElo "2385"]
[PlyCount "66"]
[EventDate "2018.07.07"]
[EventType "swiss"]
[EventRounds "9"]
[EventCountry "CAN"]
[SourceTitle "CBM 185 Extra"]
[Source "ChessBase"]
[SourceDate "2018.07.29"]
[SourceVersion "1"]
[SourceVersionDate "2018.07.29"]
[SourceQuality "1"]

1. d4 d5 2. c4 c6 3. Nc3 Nf6 4. Nf3 e6 5. e3 Nbd7 6. Qc2 Bd6 7. Bd3 0-0 8. 0-0 dxc4 9. Bxc4 b5 10. Bd3 Bb7 11. a3 a6 12. b4 a5 13. Rb1 axb4 14. axb4 Qe7 15. e4 e5 16. dxe5 Nxe5 17. Nxe5 Qxe5 18. g3 Qe7 19. Qb3 Rad8 20. Rd1 Bc8 21. f4 Bg4 22. Rd2 Qa7+ 23. Kg2 Qe3 24. Nd1 Qf3+ 25. Kg1 Bc7 26. Nf2 Bb6 27. Bf1 Nxe4 28. Qxf3 Bxf3 29. Rc2 Nxf2 30. Rxf2 Rd1 31. Ra1 Rfd8 32. Bb2 Rxa1 33. Bxa1 Rd2 0-1

[Event "Langley op"]
[Site "Langley"]
[Date "2017.09.02"]
[Round "1.5"]
[White "Richardson, Kai"]
[Black "Sun, Elvin"]
[Result "1-0"]
[WhiteElo "2099"]
[BlackElo "1310"]
[PlyCount "71"]
[EventDate "2017.09.02"]
[EventType "swiss"]
[EventRounds "6"]
[EventCountry "CAN"]
[SourceTitle "EXT 2022"]
[Source "ChessBase"]
[SourceDate "2021.10.06"]
[SourceVersion "1"]
[SourceVersionDate "2021.10.06"]
[SourceQuality "1"]

1. d4 d5 2. c4 dxc4 3. Nc3 Nc6 4. Nf3 e6 5. e4 Nf6 6. a3 h6 7. Bxc4 Ne7 8. b4 Ng6 9. 0-0 Be7 10. Re1 b6 11. Qb3 Bb7 12. Bb2 c6 13. b5 c5 14. d5 exd5 15. Nxd5 0-0 16. Rad1 Nxd5 17. exd5 Bf6 18. Ne5 Nxe5 19. Bxe5 Re8 20. Qg3 Bxe5 21. Rxe5 Qd7 22. Rde1 Rxe5 23. Qxe5 Kf8 24. Qf4 a6 25. bxa6 Bxa6 26. Bxa6 Qxd5 27. Bc4 Qd7 28. Qe4 Ra4 29. Qh7 Qe6 30. Bxe6 fxe6 31. Qg6 Rxa3 32. Qxe6 Ra8 33. f4 b5 34. f5 g5 35. Qe7+ Kg8 36. f6 1-0

[Event "Richmond Keres Memorial 42nd"]
[Site "Richmond"]
[Date "2017.05.22"]
[Round "5"]
[White "Richardson, Kai"]
[Black "Orlov, Georgi"]
[Result "0-1"]
[WhiteElo "2073"]
[BlackElo "2529"]
[PlyCount "50"]
[EventDate "2017.05.20"]
[EventType "swiss"]
[EventRounds "6"]
[EventCountry "CAN"]
[SourceTitle "CBM 178 Extra"]
[Source "ChessBase"]
[SourceDate "2017.06.22"]
[SourceVersion "1"]
[SourceVersionDate "2017.06.22"]
[SourceQuality "1"]

1. d4 Nf6 2. c4 e6 3. Nf3 d5 4. Nc3 Bb4 5. Bg5 Nbd7 6. e3 c5 7. cxd5 exd5 8. a3 Bxc3+ 9. bxc3 Qa5 10. Qb3 Ne4 11. Rc1 0-0 12. Be2 c4 13. Qb2 Nb6 14. Be7 Re8 15. Bh4 Na4 16. Qb4 Qxb4 17. cxb4 a5 18. Nd2 axb4 19. axb4 Nec3 20. Bd1 Na2 21. Ra1 Nb2 22. 0-0 Bf5 23. b5 c3 24. Nb3 Nxd1 25. Rfxd1 Bc2 0-1

[Event "Richmond Keres Memorial 42nd"]
[Site "Richmond"]
[Date "2017.05.21"]
[Round "4"]
[White "Kaufman, Raymond"]
[Black "Richardson, Kai"]
[Result "0-1"]
[WhiteElo "2292"]
[BlackElo "2073"]
[PlyCount "56"]
[EventDate "2017.05.20"]
[EventType "swiss"]
[EventRounds "6"]
[EventCountry "CAN"]
[SourceTitle "CBM 178 Extra"]
[Source "ChessBase"]
[SourceDate "2017.06.22"]
[SourceVersion "1"]
[SourceVersionDate "2017.06.22"]
[SourceQuality "1"]

1. e4 e5 2. Nf3 Nc6 3. Bc4 Nf6 4. d3 h6 5. 0-0 Bc5 6. c3 d6 7. d4 exd4 8. cxd4 Bb6 9. h3 0-0 10. Nc3 Re8 11. Re1 Na5 12. Bd3 Nc6 13. Be3 Bd7 14. Rc1 a5 15. Qd2 a4 16. Bxh6 Nxd4 17. Bxg7 Nxf3+ 18. gxf3 Kxg7 19. Kh2 Ra5 20. Rg1+ Kf8 21. Bc4 Rh5 22. Rg3 Qe7 23. Rcg1 Qe5 24. f4 Qd4 25. Qxd4 Bxd4 26. Nd5 Nxd5 27. Bxd5 c6 28. Rg8+ Ke7 0-1

[Event "Victoria-Vancouver m"]
[Site "Victoria"]
[Date "2017.01.14"]
[Round "2.3"]
[White "Richardson, Kai"]
[Black "Moore, Harry"]
[Result "0-1"]
[WhiteElo "2060"]
[BlackElo "2196"]
[PlyCount "102"]
[EventDate "2017.01.13"]
[EventType "team-match"]
[EventRounds "5"]
[EventCountry "CAN"]
[SourceTitle "EXT 2022"]
[Source "ChessBase"]
[SourceDate "2021.10.06"]
[SourceVersion "1"]
[SourceVersionDate "2021.10.06"]
[SourceQuality "1"]
[WhiteTeam "Vancouver"]
[BlackTeam "Victoria"]
[WhiteTeamCountry "CAN"]
[BlackTeamCountry "CAN"]

1. d4 d5 2. c4 dxc4 3. Nc3 c6 4. a4 e5 5. d5 cxd5 6. Qxd5 Qxd5 7. Nxd5 Na6 8. e4 Bb4+ 9. Bd2 Bxd2+ 10. Kxd2 Nf6 11. Nxf6+ gxf6 12. Bxc4 Be6 13. Bxe6 fxe6 14. Ne2 Nc5 15. Ke3 Rd8 16. Rhd1 Rxd1 17. Rxd1 Rg8 18. g3 Nxa4 19. Rc1 Kd7 20. b3 Nb6 21. f4 exf4+ 22. Nxf4 Rc8 23. Rxc8 Nxc8 24. Nh5 Ke7 25. Kf4 a5 26. g4 b5 27. Ng3 a4 28. bxa4 bxa4 29. Ne2 a3 30. Nc3 Nb6 31. g5 Na4 32. Na2 Nc5 33. h4 fxg5+ 34. hxg5 Nd3+ 35. Ke3 Ne5 36. Kf4 Nf7 37. Nc3 Kd7 38. Kg4 Kc6 39. Kh5 Kc5 40. g6 hxg6+ 41. Kxg6 Kc4 42. Na2 Nd6 43. e5 Nb5 44. Kf6 Nd4 45. Ke7 Kb3 46. Nc1+ Kc2 47. Na2 Kb2 48. Nb4 Kb3 49. Nd3 a2 50. Nc1+ Kb2 51. Nxa2 Kxa2 0-1

[Event "Calgary op 8th"]
[Site "Calgary"]
[Date "2015.08.03"]
[Round "8"]
[White "Ng, Gary"]
[Black "Richardson, Kai"]
[Result "1-0"]
[WhiteElo "2194"]
[BlackElo "1775"]
[PlyCount "81"]
[EventDate "2015.07.29"]
[EventType "swiss"]
[EventRounds "9"]
[EventCountry "CAN"]
[SourceTitle "EXT 2017"]
[Source "ChessBase"]
[SourceDate "2016.10.25"]
[SourceVersion "1"]
[SourceVersionDate "2016.10.25"]
[SourceQuality "1"]

1. b4 e6 2. Bb2 Nf6 3. a3 c5 4. bxc5 Bxc5 5. e3 d5 6. Nf3 Nc6 7. d4 Bd6 8. Nbd2 a6 9. c4 dxc4 10. Nxc4 Be7 11. Bd3 b5 12. Nce5 Nxe5 13. Nxe5 Bb7 14. 0-0 0-0 15. Qe2 Rc8 16. a4 Qd5 17. f3 b4 18. e4 Qd8 19. a5 Nd7 20. Nc4 Bc6 21. Ne3 Ra8 22. f4 Nf6 23. Nc4 Bb5 24. f5 exf5 25. Rxf5 g6 26. Rff1 Nd7 27. e5 Rc8 28. Kh1 Nb8 29. Nb6 Bxd3 30. Qxd3 Rc6 31. d5 Rc5 32. Qd4 Rb5 33. d6 Nc6 34. Qe4 Nxa5 35. dxe7 Qxe7 36. Nd5 Qg5 37. Bc1 Qd8 38. Nf6+ Kg7 39. Qh4 h5 40. Qg5 Rh8 41. Nxh5+ 1-0

[Event "Calgary op 8th"]
[Site "Calgary"]
[Date "2015.08.01"]
[Round "5"]
[White "Kazmaier, Daniel"]
[Black "Richardson, Kai"]
[Result "1-0"]
[WhiteElo "2198"]
[BlackElo "1775"]
[PlyCount "34"]
[EventDate "2015.07.29"]
[EventType "swiss"]
[EventRounds "9"]
[EventCountry "CAN"]
[SourceTitle "EXT 2017"]
[Source "ChessBase"]
[SourceDate "2016.10.25"]
[SourceVersion "1"]
[SourceVersionDate "2016.10.25"]
[SourceQuality "1"]

1. c4 c6 2. Nf3 d5 3. e3 Nf6 4. Nc3 e6 5. d4 Be7 6. Bd3 0-0 7. b3 c5 8. 0-0 Nc6 9. Ne5 Qc7 10. f4 cxd4 11. Nxc6 dxc3 12. Nxe7+ Qxe7 13. Qc2 dxc4 14. bxc4 Qc5 15. Qxc3 b5 16. Ba3 Qxe3+ 17. Kh1 Rd8 1-0

[Event "Francophone-ch 3rd"]
[Site "Montreal"]
[Date "2015.07.21"]
[Round "5"]
[White "Luxama, Jacques Muller"]
[Black "Richardson, Kai"]
[Result "1-0"]
[WhiteElo "2041"]
[BlackElo "1775"]
[PlyCount "161"]
[EventDate "2015.07.17"]
[EventType "swiss"]
[EventRounds "9"]
[EventCountry "CAN"]
[SourceTitle "EXT 2016"]
[Source "ChessBase"]
[SourceDate "2015.10.08"]
[SourceVersion "1"]
[SourceVersionDate "2015.10.08"]
[SourceQuality "1"]

1. d4 d5 2. c4 e6 3. Nc3 Be7 4. Nf3 Nf6 5. Bg5 0-0 6. e3 c6 7. cxd5 exd5 8. Bd3 Bg4 9. Qb3 Bxf3 10. gxf3 Qc7 11. Rc1 Qd7 12. Qc2 h6 13. Bf5 Qd8 14. h4 Ne8 15. Kd2 Bxg5 16. hxg5 Qxg5 17. Rcg1 Qf6 18. Ne2 Nd6 19. Ng3 Rd8 20. Kc1 Kf8 21. Bg4 Qg5 22. Bh5 g6 23. Ne4 Qe7 24. Nc5 gxh5 25. Qh7 Qf6 26. Rxh5 Na6 27. Rxh6 Qf5 28. Qg7+ Ke7 29. Re6+ Qxe6 30. Nxe6 Kxe6 31. e4 Rg8 32. exd5+ cxd5 33. Qe5+ Kd7 34. Rd1 Nb4 35. a3 Rac8+ 36. Kb1 Nc6 37. Qxd5 Rg2 38. Qc5 b6 39. Qh5 Rcg8 40. Qh3+ Kc7 41. d5 Ne5 42. Rc1+ Kb8 43. f4 Nec4 44. Qh4 Re8 45. Rc2 Rg1+ 46. Ka2 Na5 47. b4 Nac4 48. f5 Kb7 49. Rxc4 Re2+ 50. Kb3 Rb1+ 51. Kc3 Rc1+ 52. Kd3 Rxc4 53. Qh2 Rec2 54. Qxd6 R2c3+ 55. Ke2 Rxa3 56. Qe7+ Kc8 57. Qe8+ Kb7 58. Qe7+ Kc8 59. d6 Rc2+ 60. Kf1 Ra1+ 61. Kg2 Rd1 62. Qe8+ Kb7 63. Qe4+ Rc6 64. b5 Rdxd6 65. Qe7+ Rc7 66. Qxd6 Kc8 67. Kf3 Rd7 68. Qc6+ Kd8 69. f6 Rc7 70. Qd6+ Kc8 71. Qf8+ Kb7 72. Qe7 Kc8 73. Qe8+ Kb7 74. Qe4+ Kc8 75. Kf4 Kd7 76. Kg5 Kd6 77. Kh6 Kd7 78. Kg7 Kd6 79. Qf4+ Kd7 80. Qxc7+ Kxc7 81. Kxf7 1-0

[Event "Richmond Keres Memorial 40th"]
[Site "Richmond"]
[Date "2015.05.17"]
[Round "3.9"]
[White "Richardson, Kai"]
[Black "Salcedo, Daniel"]
[Result "0-1"]
[WhiteElo "1777"]
[BlackElo "2041"]
[PlyCount "96"]
[EventDate "2015.05.16"]
[EventType "swiss"]
[EventRounds "6"]
[EventCountry "CAN"]
[SourceTitle "EXT 2019"]
[Source "ChessBase"]
[SourceDate "2018.10.10"]
[SourceVersion "1"]
[SourceVersionDate "2018.10.10"]
[SourceQuality "1"]

1. d4 Nf6 2. c4 g6 3. Nc3 Bg7 4. e4 d6 5. f3 c6 6. Nge2 a6 7. Be3 b5 8. Ng3 bxc4 9. Bxc4 Nbd7 10. 0-0 d5 11. exd5 Nb6 12. Qb3 cxd5 13. Bd3 0-0 14. Na4 Nxa4 15. Qxa4 Qb6 16. Rfd1 Bb7 17. Qa3 Rac8 18. Bf2 e6 19. b4 Ne8 20. Bf1 Nd6 21. Qb3 Rc7 22. Ne2 Rfc8 23. Rab1 Nb5 24. a4 Nc3 25. a5 Qa7 26. Nxc3 Rxc3 27. Qa4 Bc6 28. b5 Bxb5 29. Bxb5 axb5 30. Qxb5 Ra8 31. Ra1 Rb8 32. Qa4 Rc4 33. Qa3 Rc2 34. Rac1 Rxc1 35. Rxc1 Bxd4 36. Bxd4 Qxd4+ 37. Kh1 Qd2 38. a6 Rb2 39. Rc8+ Kg7 40. Qf8+ Kf6 41. Qh8+ Kf5 42. g4+ Kg5 43. f4+ Kxf4 44. Qf6+ Kxg4 45. h3+ Kh5 46. Qxb2 Qxb2 47. Rc7 Kh4 48. a7 Kg3 0-1

[Event "British Columbia-ch U20"]
[Site "Vancouver"]
[Date "2013.11.09"]
[Round "3"]
[White "Richardson, Kai"]
[Black "Low, Kevin"]
[Result "1-0"]
[WhiteElo "1758"]
[BlackElo "1495"]
[PlyCount "125"]
[EventDate "2013.11.08"]
[EventType "swiss"]
[EventRounds "5"]
[EventCountry "CAN"]
[SourceTitle "EXT 2015"]
[Source "ChessBase"]
[SourceDate "2014.11.20"]
[SourceVersion "1"]
[SourceVersionDate "2014.11.20"]
[SourceQuality "1"]

1. d4 d6 2. c4 e5 3. dxe5 dxe5 4. Qxd8+ Kxd8 5. Nf3 f6 6. e3 Be6 7. Nc3 Nd7 8. Be2 c6 9. h3 Kc7 10. 0-0 Be7 11. Rb1 a5 12. Bd2 h5 13. Rfc1 a4 14. Nd5+ Kc8 15. Nxe7+ Nxe7 16. Rc3 Nc5 17. Ra3 Kc7 18. Rc1 Ng6 19. Bb4 b6 20. Bd1 Nf8 21. Bxc5 bxc5 22. Rxa4 Nd7 23. Rxa8 Rxa8 24. a4 Nb6 25. b3 g5 26. Nd2 g4 27. hxg4 hxg4 28. Ne4 Nd7 29. Rc3 f5 30. Ng3 Nf6 31. Bc2 f4 32. exf4 exf4 33. Ne2 f3 34. gxf3 gxf3 35. Rxf3 Bg4 36. Rxf6 Bxe2 37. f4 Bf3 38. f5 Kb6 39. Kf2 Bh5 40. Be4 Be8 41. Rf8 Rd8 42. Ke3 Kc7 43. f6 Bd7 44. Rxd8 Kxd8 45. Kf4 Be8 46. Ke5 Kd7 47. Bf5+ Kd8 48. a5 Kc7 49. Be6 Bg6 50. f7 Bxf7 51. Bxf7 Kb7 52. Bd5 cxd5 53. cxd5 Ka6 54. d6 Kxa5 55. d7 Kb4 56. Kd5 Kxb3 57. Kxc5 Kc2 58. Kc4 Kb2 59. d8Q Kc2 60. Qd3+ Kb2 61. Qd2+ Kb1 62. Kb3 Ka1 63. Qa2# 1-0

[Event "CAN-ch U10"]
[Site "Ottawa"]
[Date "2013.07.10"]
[Round "1"]
[White "Richardson, Kai"]
[Black "Qu, Leo"]
[Result "1-0"]
[WhiteElo "1626"]
[BlackElo "942"]
[PlyCount "125"]
[EventDate "2013.07.10"]
[EventType "swiss"]
[EventRounds "6"]
[EventCountry "CAN"]
[SourceTitle "EXT 2022"]
[Source "ChessBase"]
[SourceDate "2021.10.06"]
[SourceVersion "1"]
[SourceVersionDate "2021.10.06"]
[SourceQuality "1"]

1. d4 Nf6 2. c4 g6 3. Nc3 Bg7 4. e4 d6 5. Nf3 0-0 6. Be2 Re8 7. 0-0 Bg4 8. Be3 Nbd7 9. h3 Bxf3 10. Bxf3 c5 11. Rb1 cxd4 12. Bxd4 Nc5 13. Bxc5 dxc5 14. e5 Nd7 15. e6 fxe6 16. Bxb7 Rb8 17. Bc6 Bxc3 18. Bxd7 Bd4 19. Bxe8 Qxe8 20. b4 Rb6 21. bxc5 Bxc5 22. Rxb6 Bxb6 23. Qe2 Kf7 24. Re1 Qc6 25. Qe4 Qc8 26. Qh4 Qh8 27. Qf4+ Qf6 28. Qxf6+ exf6 29. Kf1 Ke7 30. Rd1 h6 31. Ke2 g5 32. g4 Bc5 33. f3 Bb6 34. Rd3 Ke8 35. Kd2 Ba5+ 36. Kc2 Ke7 37. Kb3 f5 38. Ka4 Bb6 39. Kb5 fxg4 40. hxg4 e5 41. c5 Bc7 42. Kc6 Ba5 43. Kb7 Bb4 44. c6 Ba5 45. c7 Bxc7 46. Kxc7 Kf6 47. Rd6+ Kg7 48. Re6 a5 49. a4 h5 50. gxh5 e4 51. fxe4 g4 52. Rg6+ Kh7 53. Rxg4 Kh6 54. Rg1 Kh7 55. Kd6 Kh6 56. Ke5 Kxh5 57. Kf5 Kh4 58. Rg5 Kh3 59. Kf4 Kh4 60. e5 Kh3 61. Rg8 Kh2 62. Kf3 Kh3 63. Rh8# 1-0